[Event "Voronezh FIDE op"]
[Site "Voronezh"]
[Date "2003.06.21"]
[Round "9"]
[White "Pavlov, Aleksandr"]
[Black "Petrov, S."]
[Result "1-0"]
[WhiteElo "2294"]
[BlackElo "2099"]
[PlyCount "82"]
[EventDate "2003.06.12"]
[EventType "swiss"]
[EventRounds "9"]
[EventCountry "RUS"]
[SourceTitle "CBM 094 Extra"]
[Source "ChessBase"]
[SourceDate "2003.07.09"]
[SourceVersion "2"]
[SourceVersionDate "2003.07.09"]
[SourceQuality "1"]

1. d4 f5 2. g3 Nf6 3. Bg2 d6 4. Nf3 g6 5. 0-0 Bg7 6. c4 0-0 7. Nc3 Nc6 8. d5 Ne5 9. Nxe5 dxe5 10. b3 a6 11. Ba3 Rb8 12. Rc1 Bd7 13. Qd2 Ng4 14. h3 Bh6 15. e3 Nf6 16. f4 e4 17. Rfd1 Rf7 18. Kh2 g5 19. Ne2 Rg7 20. Bb2 Qf8 21. Be5 Rc8 22. a4 Rg6 23. Qb4 b6 24. a5 Nh5 25. Ra1 Bg7 26. Qc3 b5 27. Rac1 bxc4 28. bxc4 Bf6 29. Rb1 Qg7 30. Bxf6 Nxf6 31. Qe5 gxf4 32. exf4 h5 33. Bh1 Kh7 34. Rg1 c6 35. dxc6 Rxc6 36. c5 Qf7 37. Nd4 Rc8 38. Rb7 Rg7 39. Nxf5 Rg6 40. Qxe7 Rf8 41. c6 Be6 1-0